|
|
|
|
| LEADER |
00000nam2a2200000 4500 |
| 001 |
285181 |
| 005 |
20231101235753.0 |
| 020 |
|
|
|a RU
|b 93-3411
|
| 035 |
|
|
|a (RuTPU)RU\TPU\book\309390
|
| 090 |
|
|
|a 285181
|
| 100 |
|
|
|a 19950413g1992 m y0rusy5003 ca
|
| 101 |
0 |
|
|a rus
|
| 102 |
|
|
|a RU
|
| 105 |
|
|
|a y j 000zy
|
| 200 |
0 |
|
|a Ч. 1
|
| 210 |
|
|
|d 1992
|
| 215 |
|
|
|d 20 см
|a 163 с.
|
| 461 |
|
1 |
|0 (RuTPU)RU\TPU\book\309387
|t Лекции по классической механике
|o учебное пособие
|o [в 2 ч.]
|f Н. В. Кудрявцева
|g Томский государственный университет (ТГУ) ; под ред. В. Г. Багрова
|v Ч. 1
|d 1992
|
| 606 |
1 |
|
|a Механика классическая
|2 stltpush
|3 (RuTPU)RU\TPU\subj\43571
|9 63058
|
| 610 |
1 |
|
|a механика теоретическая
|
| 610 |
1 |
|
|a законы Ньютона
|
| 610 |
1 |
|
|a учебные пособия
|
| 610 |
1 |
|
|a теоретические исследования
|
| 610 |
1 |
|
|a методы
|
| 610 |
1 |
|
|a аксиоматика
|
| 610 |
1 |
|
|a движение
|
| 610 |
1 |
|
|a интегралы
|
| 610 |
1 |
|
|a столкновения
|
| 675 |
|
|
|a 531(075.8)
|z rus
|v 3
|
| 801 |
|
1 |
|a RU
|b 63413507
|c 20150220
|
| 801 |
|
2 |
|a RU
|b 63413507
|c 20180808
|g RCR
|
| 942 |
|
|
|c BK
|